New frontiers in computational intelligence and its applications /

Bibliographic Details
Corporate Author: International Conference on Computational Intelligence for Modelling, Control and Automation
Other Authors: Mohammadian, Masoud
Format: Conference Proceeding Book
Language:English
Published: Amsterdam ; Washington, DC : IOS Press, [2000]
Series:Frontiers in artificial intelligence and applications. v. 57.
Subjects:

MARC

Tag First Indicator Second Indicator Subfields
LEADER 00000cam a22000004a 4500
001 in00001761889
005 20151025051830.0
008 991007s2000 ne a b 101 0 eng
010 |a  99067840  
015 |a GBA0-54429 
019 |a 44570236 
020 |a 9051994761 (IOS Press) 
020 |a 4274903249 (Ohmsha) 
035 |a (OCoLC)ocm44915947 
040 |a DLC  |c DLC  |d UKM  |d OHX  |d AZS  |d UtOrBLW 
042 |a pcc 
049 |a TXAM 
050 0 0 |a Q342  |b .N49 2000 
072 7 |a Q  |2 lcco 
082 0 0 |a 006.3  |2 21 
245 0 0 |a New frontiers in computational intelligence and its applications /  |c edited by Masoud Mohammadian. 
264 1 |a Amsterdam ;  |a Washington, DC :  |b IOS Press,  |c [2000] 
264 4 |c ©2000 
300 |a x, 375 pages :  |b illustrations ;  |c 25 cm. 
336 |a text  |b txt  |2 rdacontent 
337 |a unmediated  |b n  |2 rdamedia 
338 |a volume  |b nc  |2 rdacarrier 
490 1 |a Frontiers in artificial intelligence and applications,  |x 0922-6389 ;  |v v. 57 
504 |a Includes bibliographical references and index. 
650 0 |a Computational intelligence  |v Congresses. 
700 1 |a Mohammadian, Masoud. 
711 2 |a International Conference on Computational Intelligence for Modelling, Control and Automation. 
830 0 |a Frontiers in artificial intelligence and applications.  |x 0922-6389 ;  |v v. 57. 
938 |a Otto Harrassowitz  |b HARR  |n har005125764  |c 211.00 DEM 
948 |a cataloged  |b h  |c 2003/7/23  |d c  |e ceaton  |f 9:11:50 am 
994 |a E0  |b TXA 
999 |a MARS 
999 f f |s cac6c38a-c981-3671-9bb4-4ba311a47a95  |i b1b07b31-019e-3086-879f-6c567f7aba54  |t 0 
952 f f |p ric  |a Texas A&M University  |b Rellis Campus  |c Joint Library Facility  |d Remote Storage  |t 0  |e Q342 .N49 2000  |h Library of Congress classification  |i unmediated -- volume  |m A14830413298 
998 f f |a Q342 .N49 2000  |t 0  |l Remote Storage